000 00284nam a22001217a 4500
003 SGT
082 _a080
_bP17K
100 _aKANNAN, K.S.
245 _aPROCEEDINGS OF THE SWADESHI INDOLOGY CONFERENCE-1
260 _bSWADESHI INDOLOGY ACADEMY
_c2017
300 _a399
942 _2ddc
_cBK
999 _c31489
_d31489